Vplyv pandémie Covid-19 na dosahovanie cieľov Agendy 2030 diplomová práca

Gespeichert in:
Bibliographische Detailangaben
1. Verfasser: Kovalická, Kristína
Körperschaft: Podnikovohospodárska fakulta EU so sídlom v Košiciach. Katedra ekonómie a manažmentu
Weitere Verfasser: Bosák, Martin, 1967-
Format: Buch
Sprache:Slowakisch
Veröffentlicht: Košice 2024
Tags: Tag hinzufügen
Keine Tags, Fügen Sie das erste Tag hinzu!

MARC

LEADER 00000nbm a2200000 4500
001 0301433
005 20250303102133.4
041 0 |a slo 
044 |a SK 
245 1 0 |a Vplyv pandémie Covid-19 na dosahovanie cieľov Agendy 2030  |b diplomová práca  |c Kristína Kovalická ; školiteľ: Martin Bosák 
264 1 |a Košice  |c 2024 
300 |a 87 s. 
100 1 |a Kovalická, Kristína 
700 1 |a Bosák, Martin, 1967- 
710 2 |a Podnikovohospodárska fakulta EU so sídlom v Košiciach. Katedra ekonómie a manažmentu